Communication skills for business professionals / (Record no. 25524)
[ view plain ]
| 000 -LEADER | |
|---|---|
| fixed length control field | 02498cam a22003255a 4500 |
| 001 - CONTROL NUMBER | |
| control field | 18831430 |
| 005 - DATE AND TIME OF LATEST TRANSACTION | |
| control field | 20171030145621.0 |
| 008 - FIXED-LENGTH DATA ELEMENTS--GENERAL INFORMATION | |
| fixed length control field | 151024t2015 at a frb 001 0 eng d |
| 010 ## - LIBRARY OF CONGRESS CONTROL NUMBER | |
| LC control number | 2015473581 |
| 020 ## - INTERNATIONAL STANDARD BOOK NUMBER | |
| International Standard Book Number | 9781107656628 |
| 035 ## - SYSTEM CONTROL NUMBER | |
| System control number | (OCoLC)ocn905541155 |
| 040 ## - CATALOGING SOURCE | |
| Original cataloging agency | AU@ |
| Language of cataloging | eng |
| Transcribing agency | AU@ |
| Modifying agency | BTCTA |
| -- | CDX |
| -- | YDXCP |
| -- | OCLCO |
| -- | TRUCL |
| -- | OCLCF |
| -- | LTSCA |
| -- | CHVBK |
| -- | GBVCP |
| -- | OCL |
| -- | Z5M |
| -- | OCLCQ |
| -- | OLC |
| -- | DLC |
| -- | EG-ScBUE |
| 082 04 - DEWEY DECIMAL CLASSIFICATION NUMBER | |
| Classification number | 658.45 |
| Item number | COM |
| Edition number | 22 |
| 245 00 - TITLE STATEMENT | |
| Title | Communication skills for business professionals / |
| Statement of responsibility, etc | Phillip Cenere ... [et al.] |
| 250 ## - EDITION STATEMENT | |
| Edition statement | 1st ed. |
| 260 ## - PUBLICATION, DISTRIBUTION, ETC. (IMPRINT) | |
| Place of publication, distribution, etc | Port Melbourne : |
| Name of publisher, distributor, etc | Cambridge University Press, |
| Date of publication, distribution, etc | c.2015. |
| 300 ## - PHYSICAL DESCRIPTION | |
| Extent | xxii, 433 p. : |
| Other physical details | ill. (chiefly col.) ; |
| Dimensions | 25 cm. |
| 500 ## - GENERAL NOTE | |
| General note | Record machine-generated from publisher information. |
| 504 ## - BIBLIOGRAPHY, ETC. NOTE | |
| Bibliography, etc | Includes bibliographical references and index. |
| 505 0# - FORMATTED CONTENTS NOTE | |
| Formatted contents note | Machine generated contents note: ch. 1 Introduction: communication in organisations -- Learning objectives -- Introduction -- The importance of communication in organisations -- Communication is about empowerment -- Employer expectations -- Employer perceptions -- Studying business communication skills -- Chapter summary -- Key terms -- Review questions -- Tutorial guide -- Further reading -- References -- ch. 2 Organisations: structure and culture -- Learning objectives -- Introduction -- Definition of an organisation -- Organisational structures -- Formal organisations -- Informal organisations -- Summary of organisational structures -- Organisational communication -- Organisational culture -- Advanced section -- Chapter summary -- Key terms -- Review questions -- Tutorial guide -- Further reading -- References -- ch. 3 Communication as a process -- Learning objectives -- Introduction -- Defining communication -- Process of communication -- Purpose/goal of communication. |
| 520 ## - SUMMARY, ETC. | |
| Summary, etc | Communication Skills for Business Professionals is a student-friendly introduction to the principles and practice of effective communication in the workplace. Engagingly written and full of real-life examples, it explains the key theories underpinning communication strategies and encourages students to consider how to apply them in a contemporary business environment. |
| 650 #7 - SUBJECT ADDED ENTRY--TOPICAL TERM | |
| Topical term or geographic name as entry element | Communication in management. |
| Source of heading or term | BUEsh |
| 650 #7 - SUBJECT ADDED ENTRY--TOPICAL TERM | |
| Topical term or geographic name as entry element | Business communication. |
| Source of heading or term | BUEsh |
| 650 #7 - SUBJECT ADDED ENTRY--TOPICAL TERM | |
| Topical term or geographic name as entry element | Business communication |
| General subdivision | Study and teaching. |
| Source of heading or term | BUEsh |
| 651 ## - SUBJECT ADDED ENTRY--GEOGRAPHIC NAME | |
| Source of heading or term | BUEsh |
| 653 ## - INDEX TERM--UNCONTROLLED | |
| Resource For college | Engineering, General |
| Arrived date list | October2017 |
| 655 ## - INDEX TERM--GENRE/FORM | |
| Form subdivision | Text book |
| -- | 33728 |
| 700 1# - ADDED ENTRY--PERSONAL NAME | |
| Personal name | Cenere, Phillip. |
| 942 ## - ADDED ENTRY ELEMENTS (KOHA) | |
| Source of classification or shelving scheme | Dewey Decimal Classification |
| Withdrawn status | Item status | Source of classification or shelving scheme | Damaged status | Not for loan | Vendor | Home library | Current library | Shelving location | Date acquired | Source of acquisition | Cost, normal purchase price | Total Checkouts | Full call number | Barcode | Date last seen | Koha item type | Total Renewals | Date last borrowed |
|---|---|---|---|---|---|---|---|---|---|---|---|---|---|---|---|---|---|---|
| Dewey Decimal Classification | Baccah | Central Library | Central Library | First floor | 30/10/2017 | Purchase | 1150.00 | 658.45 COM | 000042328 | 15/07/2025 | NB - Book (Non borrowing) | |||||||
| Dewey Decimal Classification | Baccah | Central Library | Central Library | First floor | 30/10/2017 | Purchase | 1150.00 | 658.45 COM | 000042329 | 15/07/2025 | NB - Book (Non borrowing) | |||||||
| Dewey Decimal Classification | Baccah | Central Library | Central Library | First floor | 30/10/2017 | Purchase | 1150.00 | 658.45 COM | 000042330 | 15/07/2025 | Book - Borrowing | |||||||
| Dewey Decimal Classification | Baccah | Central Library | Central Library | First floor | 30/10/2017 | Purchase | 2 | 658.45 COM | 000042331 | 11/10/2025 | Book - Borrowing | 12 | 08/10/2025 | |||||
| Dewey Decimal Classification | Baccah | Central Library | Central Library | First floor | 30/10/2017 | Purchase | 658.45 COM | 000042332 | 15/07/2025 | Book - Borrowing |